1740 1714 1664 1050 1223 1362 1491 1946 1785 1557 1806 1706 1663 1025 1163 1360 1281 1500 1129 1451 1291 1572 1827 1164 1064 1277 1123 1149 1952 1164 1700 1019 1598 1925 1069 1080 1189 1143 1168 1627 1029 1102 1888 1941 1426 1956 1628 1107 1495 1954 1408 1926 1685 1613 1377 1086 1145 1560 1441 1874 1604 1994 1804 1458 1132 1863 1445 1138 1858 1984 1992 1641 1259 1170 1700 1567 1873 1536 1661 1975 1406 1334 1626 1982 1223 1717 1034 1352 1558 1995 1566 1561 1122 1114 1091 1578 1926 1348 1384 BCNSPRNW ULIB Ver.6.0+V

เปลี่ยนเป็นภาษาไทย

Change to English
 แสดงรายละเอียดบรรณานุกรม
  กลับหน้าหลัก

Brief Record : Get Marc (ISO 2709) : E-mail record : QR code < ปิดหน้าต่าง
LEADER : 00000nam 2200000uu 4500
001    13399124011
003     ULIB
008    141223s2556||||th 000 0 tha d
020    ^a9786167519166
060 04 ^aWJ300^bล145ธ
100 0  ^aลลิตา ธีระสิริ
245 00 ^aธรรมชาติบำบัดโรคไต /^cลลิตา ธีระสิริ
260    ^aกรุงเทพฯ :^bรวมทรรศน์,^c2556
300    ^a140 หน้า :^bภาพประกอบ ;^c19 ซม.
650  4 ^aไต, โรค^xพยาธิวิทยา
650  4 ^aไต, โรค^xการรักษา
650  4 ^aไต, โรค
945    ^p170^l0^i037662
945    ^p170^l0^i037663
945    ^p170^l0^i037664
999    ^aเกษร โพธิ์สุวรรณ
รายการนี้ยังไม่มีแท็ก
คุณยังไม่ได้ล็อกอิน คุณสามารถมีกิจกรรมร่วมกับเว็บไซต์ได้ แต่ต้องล็อกอินก่อน ::
  ล็อกอิน

รายการสื่อสารสนเทศ

ลำดับที่ ประเภท เลขเรียก/บาร์โค้ด สถานที่ สถานะ
1. วิทยาศาสตร์การแพทย์ และสุขภาพ
หนังสือสำรอง
สถานะ=หนังสือสำรอง
WJ300 ล145ธ ฉ.1 
  Barcode: 037662
ห้องสมุดวิทยาเขตสวรรค์ประชารักษ์
►ส่วนจัดเก็บหนังสือเก่า สปร
บนชั้น
  ขอยืม
2. วิทยาศาสตร์การแพทย์ และสุขภาพ
วิทยาศาสตร์การแพทย์ และสุขภาพ
WJ300 ล145ธ ฉ.2 
  Barcode: 037663
ห้องสมุดวิทยาเขตสวรรค์ประชารักษ์
►ส่วนจัดเก็บหนังสือเก่า สปร
บนชั้น
  ขอยืม
3. วิทยาศาสตร์การแพทย์ และสุขภาพ
วิทยาศาสตร์การแพทย์ และสุขภาพ
WJ300 ล145ธ ฉ.3 
  Barcode: 037664
ห้องสมุดวิทยาเขตสวรรค์ประชารักษ์
►ส่วนจัดเก็บหนังสือเก่า สปร
บนชั้น
  ขอยืม

รายการใกล้เคียง
    ผู้แต่ง [ลลิตา ธีระสิริ]

    หัวเรื่อง [ไต, โรค]

BibComment


ยังไม่เคยถูกคอมเมนท์

คอมเมนท์ทรัพยากรรายการนี้
  คอมเมนท์: ธรรมชาติบำบัดโรค..


 Copyright 2026. Bcnsprnw @Library